LEADER 03078nam 22007813u 450 001 9910784520203321 005 20230617010707.0 010 $a1-280-45358-3 010 $a0-19-535473-7 010 $a1-4237-5768-8 035 $a(CKB)1000000000398774 035 $a(EBL)272804 035 $a(OCoLC)466428058 035 $a(SSID)ssj0000104472 035 $a(PQKBManifestationID)11981890 035 $a(PQKBTitleCode)TC0000104472 035 $a(PQKBWorkID)10084955 035 $a(PQKB)10884449 035 $a(MiAaPQ)EBC272804 035 $a(MiAaPQ)EBC7034981 035 $a(Au-PeEL)EBL7034981 035 $a(EXLCZ)991000000000398774 100 $a20140113d2003|||| u|| | 101 0 $aeng 135 $aur|n|---||||| 181 $ctxt 182 $cc 183 $acr 200 14$aThe Apocalyptic Year 1000$b[electronic resource] $eReligious Expectaton and Social Change, 950-1050 210 $aNew York $cOxford University Press$d2003 215 $a1 online resource (377 p.) 300 $aDescription based upon print version of record. 311 $a0-19-511191-5 327 $aContents; Abbreviations; Introduction: The Terribles espoirs of 1000 and the Tacit Fears of 2000; 1. Awaiting the End of Time around the Turn of the Year 1000; I. The Apocalyptic Year 1000 in Medieval Thought; II. The Apocalyptic Year 1000 in Medieval Art and Literature; III. Historiography of the Apocalyptic Year 1000; IV. Tools and Sources; Index 330 $aThe essays in this volume challenge prevailing views on the way in which apocalyptic concerns contributed to larger processes of social change at the first millennium. They should provoke new interest in and debate on the nature and causes of social change in early medieval Europe. 606 $aChristianity and culture 606 $aHistory of doctrines 606 $aOne thousand, A.D 606 $aOne thousand, A.D 606 $aSecond Advent 606 $aSecond Advent - History of doctrines - Middle Ages, 600-1500 - Congresses 606 $aSecond Advent$xHistory of doctrines$yMiddle Ages, 600-1500$zEurope$vCongresses 606 $aChristianity and culture$vCongresses 606 $aReligion$2HILCC 606 $aPhilosophy & Religion$2HILCC 606 $aChristianity$2HILCC 615 4$aChristianity and culture. 615 4$aHistory of doctrines. 615 4$aOne thousand, A.D. 615 4$aOne thousand, A.D. 615 4$aSecond Advent. 615 4$aSecond Advent - History of doctrines - Middle Ages, 600-1500 - Congresses. 615 0$aSecond Advent$xHistory of doctrines 615 0$aChristianity and culture 615 7$aReligion 615 7$aPhilosophy & Religion 615 7$aChristianity 676 $a940.146 700 $aLandes$b Richard$0948818 701 $aGow$b Andrew$0801151 701 $aMeter$b David Van$01545360 801 0$bAU-PeEL 801 1$bAU-PeEL 801 2$bAU-PeEL 906 $aBOOK 912 $a9910784520203321 996 $aThe Apocalyptic Year 1000$93800256 997 $aUNINA LEADER 01054nam0 22002771i 450 001 UON00016467 005 20231205101957.686 100 $a20020107d1974 |0itac50 ba 101 $ajpn 102 $aJP 105 $a|||| 1|||| 200 1 $aMinamoto Yoritomo$fNagahara Keiji 210 $aTokyo$cIwanami shoten$d1974 215 $aIV, 211 p.$d17 cm 410 1$1001UON00000329$12001 $aIwanami Shinsho (Aoi han)[verde]$1210 $aTokyo$cIwanami Shoten.$v308 606 $aGIAPPONE$xSTORIA$xSEC. VIII$3UONC000342$2FI 620 $aJP$dTo?kyo?$3UONL000031 686 $aGIA SERIE$cGIAPPONE - SERIE$2A 700 0$aNAGAHARA Keiji$3UONV002120$0635243 712 $aIwanami shoten$3UONV246463$4650 801 $aIT$bSOL$c20240220$gRICA 899 $aSIBA - SISTEMA BIBLIOTECARIO DI ATENEO$2UONSI 912 $aUON00016467 950 $aSIBA - SISTEMA BIBLIOTECARIO DI ATENEO$dSI GIA SERIE 014 (308) $eSI SA 1526 7 (308) 996 $aMinamoto Yoritomo$91195625 997 $aUNIOR LEADER 11001nam 22007215 450 001 9910162984103321 005 20230126211501.0 010 $a9783111521251 010 $a3111521257 024 7 $a10.1515/9783111521251 035 $a(CKB)3360000000514810 035 $a(SSID)ssj0001589277 035 $a(PQKBManifestationID)16275560 035 $a(PQKBTitleCode)TC0001589277 035 $a(PQKBWorkID)14872195 035 $a(PQKB)10241755 035 $a(MiAaPQ)EBC4793618 035 $a(DE-B1597)120925 035 $a(OCoLC)1013940506 035 $a(OCoLC)1029820438 035 $a(OCoLC)1032684711 035 $a(OCoLC)1037982532 035 $a(OCoLC)1041993694 035 $a(OCoLC)1046615370 035 $a(OCoLC)1047015650 035 $a(OCoLC)1049631420 035 $a(OCoLC)979737212 035 $a(DE-B1597)9783111521251 035 $a(Perlego)609511 035 $a(Au-PeEL)EBL4793618 035 $a(CaPaEBR)ebr11334536 035 $a(CaONFJC)MIL938956 035 $a(OCoLC)971365911 035 $a(EXLCZ)993360000000514810 100 $a20190708d2015 fg 101 0 $ager 135 $aurcnu|||||||| 181 $ctxt 182 $cc 183 $acr 200 00$aComputers in the humanities and the social sciences $eAchievements of the 1980s, prospects for the 1990s. Proceedings of the Cologne Computer Conference 1988 uses of the computer in the humanities and social sciences held at the University of Cologne, September 1988 /$fKöln? Computer Conference ?1988, Heinrich Best 205 $aReprint 2015 210 31$aBerlin ;$aBoston : $cK. G. Saur, $d[2015] 210 1$cK.G. Saur, $d[1991] 210 4$d©1991 215 $a1 online resource (540 pages) $cillustrations 300 $aIncludes index. 311 08$a9783598110412 311 08$a3598110413 327 $tDale -- $tCOMPUTERS AND THE FREEDOM OF LEARNING: COURSES, SOURCES, NUMBERS AND HISTORICAL UNDERSTANDING / $rMorris, Robert John -- $tCALL - A REASONABLE PERSPECTIVE? / $rRautenhaus, Heike -- $tTHE INTERACTION OF TEACHING AND RESEARCH IN COMPUTER-BASED HISTORY / $rTrainor, Richard -- $tTHE DEMANDS OF THE HISTORICAL DISCIPLINES ON MACHINE READABLE SOURCES - AND THE CONSEQUENCES FOR THEIR STANDARDIZATION / $rHärtel, Reinhard -- $tTOWARDS A STANDARD FOR THE DESCRIPTION OF HISTORICAL DATASETS / $rHall, Ninette van -- $tSTUDY DESCRIPTION ADJUSTMENTS FOR HISTORICAL RESEARCH / $rMarker, Hans Jørgen -- $tTHE STANDARD STUDY DESCRIPTION AT THE ESRC DATA ARCHIVE / $rWinstanley, Bridget -- $tDEVELOPMENT OF A STANDARD FOR ENCODING LITERARY AND LINGUISTIC MATERIALS / $rIde, Nancy M. / Sperberg-McQueen, C.M. -- $tLIST OF CONTRIBUTORS -- $tINDEX -- $tBackmatter 327 $tFrontmatter -- $tTABLE OF CONTENTS -- $tACKNOWLEDGEMENTS -- $tINTRODUCTION -- $tTHE ELECTRONIC LIBRARY AND THE SCHOLARSHIP OF THE FUTURE / $rRaben, Joseph -- $tArchaeology -- $tDATA VISUALISATION IN ARCHAEOLOGY / $rReilly, Paul / Walter, Andrew -- $tAN ARCHAEOLOGICAL RESEARCH SUPPORT SYSTEM WITH DATABASES OF JAPANESE ANCIENT TOMBS AND GEOGRAPHICS / $rOzawa, Kazumasa -- $tON THE COMPUTER-AIDED CLASSIFICATION OF POTTERY SHAPES / $rGraca, L. / Laudan, K.-H. / Zamperoni, P. / Kampffmeyer, U. / Teegen, W.-R. -- $tDOCUMENTATION, AUTOMATIC MEASURING, OBJECT RETRIEVAL AND RECONSTRUCTION FOR ECONOMIC AND FUNCTIONAL RESEARCH IN ANCIENT COMMERCIAL POTTERY BY STATISTICAL ANALYSIS OF MATHEMATICAL OBJECT STRUCTURE (S ? ? ? S) / $rSteckner, Cornelius -- $tTHE A R B O R INFORMATION SYSTEM FOR CLASSICAL ARCHAEOLOGY AND HISTORY OF ART (OR TREE STRUCTURES AS DOCUMENTS) / $rEisner, Michael -- $tA DATA BASE ON POMPEII PAINTINGS AND FLOORS / $rBragantini, Irene / Gherardini, Piergiorgio / Badoni, Franca Parise -- $tHistory of Art - Museum Systems -- $tMUSEUM DATABASES CONSTRUCTED USING STIPPLE / $rCannon-Brookes, Peter -- $tA COLOR IMAGE DATABASE FOR AN ETHNOLOGY MUSEUM / $rHong, Sigeharu -- $tFINDING THE SIGNS: PICTURES OF MEDIEVAL LIFE / $rJaritz, Gerhard -- $tTHE USE OF COMPUTER-AIDED DESIGN IN ART AND ARCHITECTURAL HISTORY / $rStenvert, Ronald -- $tCOMPUTER AND MUSICOLOGY AUTOMATIC TRANSCRIPTION OF 16TH CENTURY MUSIC: GERMAN LUTE TABLATURES / $rCharnassé, Hélène / Stepien, Bernard -- $tHistory -- $tA DATABASE OF JUSTINIANEAN SOURCES / $rElmi, Giancarlo Taddei -- $tTHE MEDIEVAL AND EARLY MODERN DATA BANK IN EUROPE AND NORTH AMERICA / $rBell, R. / Cauwenberghe, E. van -- $tHOMO EX MACHINA PROSOPOGRAPHY AND CHARTULARIES / $rKropa?, Ingo ?. -- $tA DATA BASE FOR RESEARCH ON PERSONS AND GROUPS OF PERSONS IN THE MIDDLE AGES / $rGeuenich, Dieter -- $tPATTERNS OF SCIENTIFIC EVOLUTION: SHORT TERM CYCLES AND SECULAR WAVES / $rErtel, Suitbert -- $tTHE DATABASE SAINT-LEGER: COMPUTER AND HISTORY / $rDa Silva, José-Gentil / Vignau, Dominique -- $tESTABLISHING A RECONSTRUCTIVE METASOURCE ON CENSORSHIP OF NOVELS IN THE EARLY FRENCH ENLIGHTENMENT / $rHobohm, Hans-Christoph -- $tAN ANALYSIS OF THE COMPONENTS OF ELITE MIGRATION: VIANO DO CASTELO, MINHO, 1826-1931 / $rKitts, Arno -- $tTHE FRENCH CRIMINAL JUSTICE SYSTEM BETWEEN 1831 AND 1981: A STATISTICAL DATA BASE / $rAubusson de Cavarlay, Bruno -- $tDATABASE APPLICATIONS IN ECONOMIC HISTORY: GERMAN TRANSPORT STATISTICS, 1835-1985 / $rKunz, Andreas -- $tSYMBOLIC DIMENSIONS OF SERIAL SOURCES HERMENEUTICAL PROBLEMS OF RECONSTRUCTING POLITICAL BIOGRAPHIES BASED ON COMPUTERIZED RECORD LINKAGE / $rLipp, Carola -- $tTHE GERMAN PARLIAMENTARIAN DATA BASE: CATCHING THE COMPLEXITIES OF POLITICAL LIFE-HISTORIES / $rBest, Heinrich / Ponemereo, Ralph -- $tTHE MANY FACES OF A NATION IN ARMS: A DATA BASE ON BRITISH SOLDIERS OF THE FIRST WORLD WAR / $rLamm, Doron -- $tData Service -- $tTHE ESTABLISHMENT OF A UK HISTORICAL DATA ARCHIVE: PROBLEMS AND POSSIBILITIES / $rSchurer, Kevin -- $tDATA BASES IN SOCIAL SCIENCES INTEGRATION, NEEDS OF TODAY AND RESULTING CONCEPTS FOR THE FUTURE / $rBender, Donald / Bien, Walter -- $tWORLD CULTURES: AN ELECTRONIC JOURNAL AND COMPARATIVE DATABASE / $rSchmidt, Sabine / Schweizer, Thomas -- $tTHE DATA BASE OF THE GERMAN "GENERAL SOCIAL SURVEY" (ALLBUS) / $rTerwey, Michael -- $tFRAVIS - A PC BASED SYSTEM FOR DOCUMENTATION AND RETRIEVAL OF SURVEY QUESTIONS / $rGräf, Lorenz -- $tEMPIRICAL RESEARCH ON THE PC: THE CASE OF OPEN ACCESS II / $rPatzelt, Werner J. -- $tData Representation - Data Analysis -- $tPROFESSIONALIZATION IN A PARLIAMENTARY SYSTEM LENGTH OF MEMBERSHIP IN THE GERMAN REICHSTAG / $rAndreB, Hans-Jürgen -- $tAPPLICATIONS OF CORRESPONDENCE ANALYSIS IN SOCIAL SCIENCE RESEARCH / $rBlasius, Jörg -- $tCOMPUTER-ASSISTED TELEPHONE INTERVIEWING (CATI) IN SOCIAL RESEARCH / $rChristiansen, Gerhard -- $tFULL-QUASI-LIKELIHOOD ESTIMATION OF STRUCTURAL EQUATION MODELS WITH INCOMPLETE DATA / $rKühnel, Steffen ?. -- $tANALYSIS OF NON-METRIC DEPENDENT VARIABLES / $rKüsters, Ulrich -- $tP A R A T. A PROGRAM FOR THE ESTIMATION OF PARAMETRIC TRANSITION RATE MODELS / $rSchneider, Hilmar -- $tREALIZATION OF MISSING DATA TECHNIQUES WITHIN STATISTICAL PROGRAM PACKAGES AND THEIR EMPIRICAL PERFORMANCE / $rSchnell, Rainer -- $tBASIC CONCEPTS AND NEW METHODS OF TI?? SERIES ANALYSIS IN HISTORICAL SOCIAL RESEARCH / $rStier, Winfried -- $tSCALE-ANALYSIS ACCORDING TO R. J. MOKKEN - A PROBABILISTIC EXTENSION OF GUTTMAN SCALING / $rZimmermann, E.J. -- $tINTERACTING WITH DIAGRAMS: USING A GRAPH BROWSER WITH A RESEARCH DATABASE / $rBagg, Janet / Ryan, Nick -- $tCARTO-NET: INTERNATIONAL ACCESS TO MAP AND ARCHIVE RECORDS / $rMorris, Barbara -- $tExpert Systems - Information Systems -- $tCONSIDERATIONS ON THE USE OF AN EXPERT SYSTEM TO SUPPORT ECONOMIC AND SOCIAL PLANNING / $rArrus, R. / Gronquist, B. / Lelis, D. / Ollivier, M. / Tari, ?. -- $tLEGAL DATA BASES AND EXPERT SYSTEMS IN THE EUROPEAN COMMUNITY THE POSSIBLE INTEGRATION OF INFORMATION RETRIEVAL AND ARTIFICIAL INTELLIGENCE / $rD'Amico, Antonio Maria -- $tA SHELL - BASED LEGAL EXPERT SYSTEM PROTOTYPE FOR LEGISLATIVE DRAFTING / $rCammelli, Antonio / Socci, Fiorenza -- $tEXPERT SYSTEMS AS AN AID TO LEGISLATIVE DRAFTING / $rMariani, Paola / Tiscornia, Daniela -- $tNEW DEVELOPMENTS IN THE LEGAL BIBLIOGRAPHICAL DOCUMENTATION / $rDi Giorgi, Rosa Maria / Nannucci, Roberta -- $tTHE APPLICATION OF TERMINOLOGY-BASED KNOWLEDGE DATA BASES IN THE HUMANITIES AND THE SOCIAL SCIENCES AND ITS IMPACT ON RESEARCH METHODS / $rBudin, Gerhard -- $tCONSTRUCTION OF AN INDIVIDUALS IDENTIFICATION HELP SYSTEM / $rBourlet, Caroline / Guillaumont, Agnès / Faugères, Arlette / Magdelaine, Michelle / Selz-Lauriere, Marion -- $tTHES GIUR: AN EXPERIMENTAL THESAURUS OF LEGAL TERMS / $rCammelli, Antonio / Parenti, Luigi -- $tModelling - Simulation -- $tSTATISTICAL MODELLING / $rGordesch, Johannes -- $tREAL TIME MODELLING / $rMüller, Norbert / Thober, Bernd -- $tCOMPUTER SIMULATIONS IN THE SOCIAL SCIENCES / $rSiegmann, Heinrich -- $tLinguistic Analysis - Content Analysis -- $tAUTOMATIC LEMMATIZATION OF LATIN TEXTS / $rBozzi, Andrea / ????lli, Giuseppe -- $tRELATIVE INDEXING OF DOCUMENTS IN MICROCOMPUTER SYSTEMS PRINCIPLES, TESTING AND EVALUATION / $rChoros, Kazimierz -- $tELECTRONICALLY PROCESSED TEXTS OF EXOTIC LANGUAGES IN FAVOR OF THE INTEGRATION OF DESCRIPTION INTO LINGUISTIC DISCUSSION / $rEsser, Otto / Potyka, Franz -- $tAN EXPERT SYSTEM THAT USES ABSTRACT FEATURES OF A POEM TO IDENTIFY ITS MOST PROBABLE AUTHOR / $rKnoppert, Wilma -- $tCOMPUTER-ASSISTED INTERPRETATION OF DETECTIVE STORIES (?ID - COMPUTERGESTÜTZTE INTERPRETATION VON DETEKTIVROMANEN) A RESEARCH PROJECT / $rNeuhaus, Volker -- $tA NEW LITERARY CLASSIFICATION METHOD: THE CASE OF JANE AUSTEN / $rUpchurch, Cheryl M. / Oakman, Robert L. -- $tTHE GENERAL INQUIRER III / $rMöhler, Peter Ph. / Züll, Cornelia -- $tCAN WORDCRUNCHERS ENABLE THE USER TO ASK SIGNIFICANT QUESTIONS ABOUT LITERARY TEXTS? / $rManette Raben, Estelle -- $tRELATIONAL DATABASES FOR TEXTUAL DATA? / $rPruyt, Hans -- $tA PLEA FOR INCORPORATING A TEXTUAL DATAMODEL IN RELATIONAL DATABASES / $rSchipper, Desirée -- $tMOLLUSCS - A PACKAGE FOR POETRY / $rWhitaker, Charles -- $tTUSTEP / $rOtt, Wilhelm -- $tComputer Aided Instruction -- $tTHE SOCIAL IMPLICATIONS OF COMPUTING IN STUDENT RESIDENCES / $rBrady, Philip / Startup, Richard -- $tCOMPUTER-AIDED INSTRUCTION AND COMMUNICATION-SKILLS / $rEuler, Dieter -- $tTHE COMPUTER AIDED INSTRUCTOR / $rHorber, Eugene -- $tACQUISITION AND COMMUNICATION OF KNOWLEDGE ABOUT A COMPUTER PROGRAM(1) / $rNeber, Heinz -- $tACADEMIC COMPUTING CENTERS IN AMERICAN UNIVERSITIES / $rMcCrank, Lawrence J. / Hobart, R. 330 $aKeine ausführliche Beschreibung für "Computers in the humanities and the social sciences" verfügbar. 606 $aSocial sciences and history 615 0$aSocial sciences and history. 676 $a306.07 702 $aBest$b Heinrich, 702 $aComputer Conference ?1988$b Köln?, 801 0$bDE-B1597 801 1$bDE-B1597 906 $aBOOK 912 $a9910162984103321 996 $aComputers in the humanities and the social sciences$92788803 997 $aUNINA